Wang Hui-ling [Wang Huiling] angol szakos tanársegéd levelezőlapja Kalmár Lászlóhoz [4.]

Elmentve itt :
Bibliográfiai részletek
Szerző: Wang Huiling
Dokumentumtípus: Kézirat
Megjelent: 1960-05-04
Kulcsszavak:Levelezés - Wang Huiling - Kalmár László
Online Access:http://misc.bibl.u-szeged.hu/57113
LEADER 00672ntm a2200181 i 4500
001 misc57113
005 20200923142420.0
008 200616s1960 hu o 0|| eng d
040 |a SZTE Miscellanea Repozitórium  |b hun 
041 |a eng 
041 |a chi 
100 1 |a Wang Huiling 
245 1 0 |a Wang Hui-ling [Wang Huiling] angol szakos tanársegéd levelezőlapja Kalmár Lászlóhoz [4.]  |h [elektronikus dokumentum] /  |c  Wang Huiling 
260 |c 1960-05-04 
300 |a 1 fol.  |c 15 x 10 cm 
561 |a Kalmár László kínai hagyaték 
695 |a Levelezés - Wang Huiling - Kalmár László 
856 4 0 |u http://misc.bibl.u-szeged.hu/57113/1/kalmar_005_02.pdf  |z Dokumentum-elérés